Statistiques concernant Culture Générale - Série 389

Cliquez ici pour prendre le quiz!

Statistiques générales

  • Ce quiz a été pris 249 fois
  • Le résultat moyen est 9 sur 10

Statistiques - réponses

QuestionRéponse% Correct
Quel est le nom du fleuve qui coule à Paris ?La Seine
100%
Quelle nom portait la reine d'Egypte célèbre pour avoir été aimée de César ?Cléopâtre
98%
Quel fleuve arrose la ville de Lyon ?Le Rhône
98%
Aux jeux Olympiques, quelle course à pied sur route fait 42,195 km ?Le marathon
97%
Dans quelle langue le mot "perestroïka" signifie-t-il "reconstruction" ?Le russe
97%
Complétez les paroles de la chanson extraite du film de Disney "Blanche-Neige et les 7 nains" : "Heigh-ho, heigh-ho, on rentre...Du boulot
95%
A quelle ville italienne le parmesan doit-il son nom ?Parme
95%
Quel mot composé anglais désignant une friandise se traduit littéralement par "gomme à mâcher" ?Chewing-gum
93%
Avec l'Assemblée nationale, quelle assemblée forme le Parlement français ?Le Sénat
91%
En 1973, dans quel film d'Edouard Molinaro Jacques Brel et Lino Ventura étaient-ils partenaires ?L'Emmerdeur
44%

Distribution des résultats

Percentile par nombre de réponses

% des personnes avec chaque résultat

Votre développement - résultats

Vous n’avez pas pris ce quiz